[Event "Deutsche Ländermeisterschaft 2023"]
[Site "Hannover GER"]
[Date "2023.10.01"]
[Round "1"]
[White "Beyer, Lorenz"]
[Black "Lutz, Ruben"]
[Result "1/2-1/2"]
[Termination "normal"]
[Board "5.3"]
[WhiteElo "2085"]
[BlackElo "2218"]
[WhiteClock "00:30:25"]
[BlackClock "00:17:12"]
[WhiteTeam "Brandenburg"]
[BlackTeam "Sachsen"]
[PlyCount "88"]
[WhiteFideId "16245393"]
[BlackFideId "12975974"]
[EventCountry "GER"]
[EventRounds "7"]
[EventType "team-swiss"]
[EventDate "2023.09.30"]

1. d4 {[%clk 01:30:56]} {[%emt 00:00:02]} Nf6 {[%clk 01:30:54]} {[%emt
00:00:07]} 2. Bf4 {[%clk 01:31:22]} {[%emt 00:00:05]} d5 {[%clk 01:31:20]}
{[%emt 00:00:05]} 3. e3 {[%clk 01:31:48]} {[%emt 00:00:04]} c5 {[%clk
01:31:46]} {[%emt 00:00:04]} 4. c3 {[%clk 01:32:12]} {[%emt 00:00:06]} Nc6
{[%clk 01:32:12]} {[%emt 00:00:04]} 5. Nf3 {[%clk 01:32:37]} {[%emt 00:00:05]}
Qb6 {[%clk 01:32:34]} {[%emt 00:00:08]} 6. Qc2 {[%clk 01:33:04]} {[%emt
00:00:04]} Nh5 {[%clk 01:32:31]} {[%emt 00:00:32]} 7. Be5 {[%clk 01:33:16]}
{[%emt 00:00:18]} f6 {[%clk 01:32:44]} {[%emt 00:00:18]} 8. dxc5 {[%clk
01:33:40]} {[%emt 00:00:06]} Qxc5 {[%clk 01:33:10]} {[%emt 00:00:03]} 9. Bd4
{[%clk 01:34:06]} {[%emt 00:00:04]} Qa5 {[%clk 01:32:50]} {[%emt 00:00:50]} 10.
e4 {[%clk 01:27:30]} {[%emt 00:07:06]} Nxd4 {[%clk 01:08:16]} {[%emt 00:25:03]}
11. Nxd4 {[%clk 01:27:25]} {[%emt 00:00:36]} e5 {[%clk 01:06:35]} {[%emt
00:02:11]} 12. Nb3 {[%clk 01:25:12]} {[%emt 00:02:42]} Qa4 {[%clk 00:57:48]}
{[%emt 00:09:17]} 13. exd5 {[%clk 01:17:00]} {[%emt 00:08:43]} Nf4 {[%clk
00:58:06]} {[%emt 00:00:13]} 14. g3 {[%clk 01:08:54]} {[%emt 00:08:37]} Nxd5
{[%clk 00:57:11]} {[%emt 00:01:24]} 15. Bg2 {[%clk 01:08:17]} {[%emt 00:01:07]}
Be6 {[%clk 00:54:50]} {[%emt 00:02:50]} 16. O-O {[%clk 01:04:44]} {[%emt
00:04:03]} Be7 {[%clk 00:54:12]} {[%emt 00:01:08]} 17. N1d2 {[%clk 01:00:14]}
{[%emt 00:05:00]} O-O {[%clk 00:53:28]} {[%emt 00:01:15]} 18. Qe4 {[%clk
00:58:43]} {[%emt 00:02:00]} Qxe4 {[%clk 00:46:41]} {[%emt 00:07:17]} 19. Nxe4
{[%clk 00:58:38]} {[%emt 00:00:34]} Rac8 {[%clk 00:46:42]} {[%emt 00:00:30]}
20. Rad1 {[%clk 00:54:59]} {[%emt 00:04:09]} Rfd8 {[%clk 00:45:03]} {[%emt
00:02:09]} 21. Rfe1 {[%clk 00:52:32]} {[%emt 00:02:57]} Kf7 {[%clk 00:33:10]}
{[%emt 00:12:23]} 22. Ned2 {[%clk 00:49:29]} {[%emt 00:03:32]} b6 {[%clk
00:27:42]} {[%emt 00:05:59]} 23. Nf1 {[%clk 00:33:15]} {[%emt 00:16:44]} g5
{[%clk 00:22:57]} {[%emt 00:05:15]} 24. Rd2 {[%clk 00:24:09]} {[%emt 00:09:35]}
Rc7 {[%clk 00:20:11]} {[%emt 00:03:16]} 25. Bf3 {[%clk 00:17:04]} {[%emt
00:07:35]} g4 {[%clk 00:05:09]} {[%emt 00:15:32]} 26. Be4 {[%clk 00:16:31]}
{[%emt 00:01:02]} h5 {[%clk 00:05:02]} {[%emt 00:00:39]} 27. Nc1 {[%clk
00:12:50]} {[%emt 00:04:10]} b5 {[%clk 00:04:31]} {[%emt 00:01:01]} 28. Red1
{[%clk 00:11:37]} {[%emt 00:01:43]} Rcd7 {[%clk 00:03:42]} {[%emt 00:01:19]}
29. Nb3 {[%clk 00:06:46]} {[%emt 00:05:21]} f5 {[%clk 00:01:32]} {[%emt
00:02:41]} 30. Bg2 {[%clk 00:03:20]} {[%emt 00:03:56]} Nb6 {[%clk 00:01:28]}
{[%emt 00:00:34]} 31. Rxd7 {[%clk 00:03:05]} {[%emt 00:00:45]} Rxd7 {[%clk
00:01:54]} {[%emt 00:00:04]} 32. Re1 {[%clk 00:02:25]} {[%emt 00:01:10]} Nc4
{[%clk 00:00:39]} {[%emt 00:01:45]} 33. Bc6 {[%clk 00:02:34]} {[%emt 00:00:20]}
Rc7 {[%clk 00:00:45]} {[%emt 00:00:24]} 34. Bxb5 {[%clk 00:02:38]} {[%emt
00:00:27]} Kf6 {[%clk 00:00:38]} {[%emt 00:00:36]} 35. Bxc4 {[%clk 00:02:20]}
{[%emt 00:00:48]} Bxc4 {[%clk 00:00:48]} {[%emt 00:00:20]} 36. Ne3 {[%clk
00:02:46]} {[%emt 00:00:04]} Be6 {[%clk 00:01:04]} {[%emt 00:00:14]} 37. Rd1
{[%clk 00:03:06]} {[%emt 00:00:10]} Kf7 {[%clk 00:00:48]} {[%emt 00:00:46]} 38.
Nd5 {[%clk 00:02:30]} {[%emt 00:01:06]} Rd7 {[%clk 00:01:03]} {[%emt 00:00:15]}
39. c4 {[%clk 00:02:50]} {[%emt 00:00:10]} Bf8 {[%clk 00:00:43]} {[%emt
00:00:50]} 40. Na5 {[%clk 00:02:10]} {[%emt 00:01:10]} Rd6 {[%clk 00:00:36]}
{[%emt 00:00:37]} 41. Nb7 {[%clk 00:29:45]} {[%emt 00:02:55]} Rd7 {[%clk
00:30:37]} {[%emt 00:00:30]} 42. Na5 {[%clk 00:29:59]} {[%emt 00:00:16]} Rd6
{[%clk 00:16:51]} {[%emt 00:14:15]} 43. Nb7 {[%clk 00:30:02]} {[%emt 00:00:26]}
Rd7 {[%clk 00:17:12]} {[%emt 00:00:10]} 44. Na5 {[%clk 00:30:25]} {[%emt
00:00:06]} Rd6 {[%emt 00:00:24]} 1/2-1/2

[Event "Deutsche Ländermeisterschaft 2023"]
[Site "Hannover GER"]
[Date "2023.10.01"]
[Round "1"]
[White "Neuhoff, Laertes"]
[Black "Hoffmann, Kay"]
[Result "1-0"]
[Termination "normal"]
[Board "5.4"]
[WhiteElo "1993"]
[BlackElo "2064"]
[WhiteClock "00:51:11"]
[BlackClock "00:00:48"]
[WhiteTeam "Sachsen"]
[BlackTeam "Brandenburg"]
[PlyCount "51"]
[WhiteFideId "16279719"]
[BlackFideId "16227000"]
[EventCountry "GER"]
[EventRounds "7"]
[EventType "team-swiss"]
[EventDate "2023.09.30"]

1. e4 {[%clk 01:30:59]} {[%emt 15:40:05]} e5 {[%clk 01:30:54]} {[%emt
00:00:07]} 2. Nf3 {[%clk 01:31:22]} {[%emt 00:00:07]} Nf6 {[%clk 01:31:20]}
{[%emt 00:00:04]} 3. d4 {[%clk 01:31:46]} {[%emt 00:00:06]} Nxe4 {[%clk
01:31:42]} {[%emt 00:00:08]} 4. Bd3 {[%clk 01:32:10]} {[%emt 00:00:06]} d5
{[%clk 01:32:08]} {[%emt 00:00:04]} 5. Nxe5 {[%clk 01:32:30]} {[%emt 00:00:10]}
Bd6 {[%clk 01:32:33]} {[%emt 00:00:05]} 6. O-O {[%clk 01:29:37]} {[%emt
00:03:23]} O-O {[%clk 01:32:58]} {[%emt 00:00:05]} 7. Nc3 {[%clk 01:24:58]}
{[%emt 00:05:09]} Nxc3 {[%clk 01:00:25]} {[%emt 00:33:03]} 8. bxc3 {[%clk
01:25:10]} {[%emt 00:00:18]} Bxe5 {[%clk 00:50:05]} {[%emt 00:10:51]} 9. dxe5
{[%clk 01:21:33]} {[%emt 00:04:06]} Nd7 {[%clk 00:43:33]} {[%emt 00:07:02]} 10.
f4 {[%clk 01:19:11]} {[%emt 00:02:52]} Qe7 {[%clk 00:31:36]} {[%emt 00:12:26]}
11. Qh5 {[%clk 01:12:11]} {[%emt 00:07:30]} g6 {[%clk 00:30:04]} {[%emt
00:02:03]} 12. Qf3 {[%clk 01:12:29]} {[%emt 00:00:12]} c6 {[%clk 00:25:48]}
{[%emt 00:04:46]} 13. Bd2 {[%clk 01:10:37]} {[%emt 00:02:21]} f6 {[%clk
00:23:58]} {[%emt 00:02:20]} 14. Qg3 {[%clk 01:07:32]} {[%emt 00:03:36]} Nc5
{[%clk 00:18:09]} {[%emt 00:06:18]} 15. Rae1 {[%clk 01:05:27]} {[%emt
00:02:34]} f5 {[%clk 00:17:18]} {[%emt 00:01:22]} 16. c4 {[%clk 01:04:21]}
{[%emt 00:01:37]} Ne4 {[%clk 00:15:29]} {[%emt 00:02:18]} 17. Bxe4 {[%clk
01:02:37]} {[%emt 00:02:15]} dxe4 {[%clk 00:15:49]} {[%emt 00:00:10]} 18. Qc3
{[%clk 01:01:45]} {[%emt 00:01:21]} Be6 {[%clk 00:15:40]} {[%emt 00:00:39]} 19.
Be3 {[%clk 01:01:37]} {[%emt 00:00:39]} Qf7 {[%clk 00:11:31]} {[%emt 00:04:39]}
20. c5 {[%clk 00:57:24]} {[%emt 00:06:34]} Bxa2 {[%clk 00:11:23]} 21. Ra1
{[%clk 00:57:53]} Bc4 {[%clk 00:10:44]} 22. Rfd1 {[%clk 00:57:49]} {[%emt
00:00:31]} Rfd8 {[%clk 00:09:10]} {[%emt 00:02:04]} 23. Rd6 {[%clk 00:57:50]}
{[%emt 00:00:28]} Bd5 {[%clk 00:03:57]} {[%emt 00:05:44]} 24. Rxa7 {[%clk
00:54:55]} {[%emt 00:03:25]} Be6 {[%clk 00:01:41]} {[%emt 00:02:46]} 25. Qa5
{[%clk 00:54:19]} {[%emt 00:01:07]} b6 {[%clk 00:00:48]} {[%emt 00:01:22]} 26.
cxb6 {[%clk 00:51:11]} {[%emt 00:03:38]} 1-0

[Event "Deutsche Ländermeisterschaft 2023"]
[Site "Hannover GER"]
[Date "2023.10.01"]
[Round "1"]
[White "Glowiak, Alexandra"]
[Black "Dodul, Alice"]
[Result "1-0"]
[Termination "normal"]
[Board "5.6"]
[WhiteElo "1683"]
[BlackElo "1414"]
[WhiteClock "00:05:49"]
[BlackClock "00:28:28"]
[WhiteTeam "Sachsen"]
[BlackTeam "Brandenburg"]
[PlyCount "101"]
[WhiteFideId "16259530"]
[BlackFideId "34623817"]
[EventCountry "GER"]
[EventRounds "7"]
[EventType "team-swiss"]
[EventDate "2023.09.30"]

1. e4 {[%clk 01:30:57]} {[%emt 00:00:02]} e5 {[%clk 01:30:55]} {[%emt
00:00:06]} 2. Nf3 {[%clk 01:31:24]} {[%emt 00:00:04]} Nc6 {[%clk 01:31:18]}
{[%emt 00:00:06]} 3. Bc4 {[%clk 01:31:50]} {[%emt 00:00:04]} Bc5 {[%clk
01:31:35]} {[%emt 00:00:12]} 4. c3 {[%clk 01:32:14]} {[%emt 00:00:06]} Nf6
{[%clk 01:31:56]} {[%emt 00:00:09]} 5. d4 {[%clk 01:32:40]} {[%emt 00:00:05]}
exd4 {[%clk 01:32:14]} {[%emt 00:00:13]} 6. cxd4 {[%clk 01:33:05]} {[%emt
00:00:04]} Bb4+ {[%clk 01:32:32]} {[%emt 00:00:11]} 7. Bd2 {[%clk 01:33:15]}
{[%emt 00:00:21]} Bxd2+ {[%clk 01:32:52]} {[%emt 00:00:10]} 8. Nbxd2 {[%clk
01:33:39]} {[%emt 00:00:06]} d5 {[%clk 01:33:11]} {[%emt 00:00:10]} 9. exd5
{[%clk 01:33:38]} {[%emt 00:00:32]} Nxd5 {[%clk 01:33:27]} {[%emt 00:00:13]}
10. O-O {[%clk 01:28:17]} {[%emt 00:05:51]} O-O {[%clk 01:32:47]} {[%emt
00:01:10]} 11. Bb5 {[%clk 01:18:28]} {[%emt 00:10:19]} Nce7 {[%clk 01:28:51]}
{[%emt 00:04:25]} 12. Re1 {[%clk 01:14:58]} {[%emt 00:04:00]} Bg4 {[%clk
01:23:45]} {[%emt 00:05:36]} 13. h3 {[%clk 01:06:28]} {[%emt 00:09:00]} Bh5
{[%clk 01:21:29]} {[%emt 00:02:46]} 14. a3 {[%clk 00:34:05]} {[%emt 00:32:54]}
h6 {[%clk 01:15:34]} {[%emt 00:06:24]} 15. Ne4 {[%clk 00:30:10]} {[%emt
00:04:25]} c6 {[%clk 01:11:03]} {[%emt 00:05:01]} 16. Ba4 {[%clk 00:26:11]}
{[%emt 00:04:29]} Bg6 {[%clk 01:09:14]} {[%emt 00:02:19]} 17. Ne5 {[%clk
00:25:30]} {[%emt 00:01:12]} Bh7 {[%clk 01:07:14]} {[%emt 00:02:29]} 18. Rc1
{[%clk 00:22:46]} {[%emt 00:03:15]} Nf5 {[%clk 01:05:05]} {[%emt 00:02:39]} 19.
Nc5 {[%clk 00:19:52]} {[%emt 00:03:24]} Qc7 {[%clk 01:00:25]} {[%emt 00:05:10]}
20. b4 {[%clk 00:17:20]} {[%emt 00:03:02]} a6 {[%clk 00:58:00]} {[%emt
00:02:55]} 21. Nxb7 {[%clk 00:15:24]} {[%emt 00:02:26]} Nde7 {[%clk 00:54:58]}
{[%emt 00:05:19]} 22. Na5 {[%clk 00:15:06]} Rac8 {[%clk 00:52:26]} {[%emt
00:02:03]} 23. Nexc6 {[%clk 00:14:08]} {[%emt 00:01:28]} Nxc6 {[%clk 00:51:52]}
{[%emt 00:01:04]} 24. Rxc6 {[%clk 00:11:55]} {[%emt 00:02:43]} Qf4 {[%clk
00:49:30]} {[%emt 00:02:51]} 25. Qc1 {[%clk 00:10:45]} {[%emt 00:01:40]} Qxc1
{[%clk 00:48:13]} {[%emt 00:01:47]} 26. Rexc1 {[%clk 00:10:38]} {[%emt
00:00:37]} Rcd8 {[%clk 00:47:10]} {[%emt 00:01:33]} 27. Rxa6 {[%clk 00:10:27]}
{[%emt 00:00:41]} Rxd4 {[%clk 00:45:50]} {[%emt 00:01:50]} 28. Nc6 {[%clk
00:08:54]} {[%emt 00:02:02]} Rd2 {[%clk 00:44:21]} {[%emt 00:02:00]} 29. b5
{[%clk 00:08:08]} {[%emt 00:01:16]} Nd6 {[%clk 00:41:30]} {[%emt 00:03:21]} 30.
b6 {[%clk 00:07:02]} {[%emt 00:01:36]} Be4 {[%clk 00:39:09]} {[%emt 00:02:51]}
31. Ra7 {[%clk 00:05:50]} {[%emt 00:01:42]} Bxc6 {[%clk 00:36:45]} {[%emt
00:02:55]} 32. Bxc6 {[%clk 00:05:19]} {[%emt 00:01:01]} Rb2 {[%clk 00:35:25]}
{[%emt 00:01:50]} 33. b7 {[%clk 00:04:43]} {[%emt 00:01:06]} Rb6 {[%clk
00:33:35]} {[%emt 00:02:21]} 34. Bf3 {[%clk 00:04:32]} {[%emt 00:00:39]} Kh7
{[%clk 00:31:10]} {[%emt 00:02:56]} 35. Ra8 {[%clk 00:03:18]} {[%emt 00:01:43]}
Nxb7 {[%clk 00:27:40]} {[%emt 00:04:00]} 36. Rxf8 {[%clk 00:03:33]} {[%emt
00:00:14]} Nd6 {[%clk 00:27:36]} {[%emt 00:00:35]} 37. Rc6 {[%clk 00:02:54]}
{[%emt 00:01:09]} Rxc6 {[%clk 00:26:54]} {[%emt 00:01:12]} 38. Bxc6 {[%clk
00:03:22]} {[%emt 00:00:02]} f6 {[%clk 00:26:11]} {[%emt 00:01:12]} 39. a4
{[%clk 00:03:38]} {[%emt 00:00:13]} Kg6 {[%clk 00:26:03]} {[%emt 00:00:38]} 40.
a5 {[%emt 00:00:37]} Nc4 {[%clk 00:26:06]} {[%emt 00:00:07]} 41. a6 {[%clk
00:04:06]} {[%emt 00:00:17]} Nb6 {[%clk 00:26:20]} {[%emt 00:00:15]} 42. a7
{[%clk 00:04:12]} {[%emt 00:00:25]} Kf5 {[%clk 00:26:37]} {[%emt 00:00:13]} 43.
Rb8 {[%clk 00:04:21]} {[%emt 00:00:21]} Nc4 {[%clk 00:26:56]} {[%emt 00:00:11]}
44. a8=Q {[%clk 00:04:42]} {[%emt 00:00:09]} Ne5 {[%clk 00:27:13]} {[%emt
00:00:12]} 45. Be4+ {[%clk 00:04:52]} {[%emt 00:00:20]} Kg5 {[%clk 00:27:25]}
{[%emt 00:00:17]} 46. Qa3 {[%clk 00:04:47]} {[%emt 00:00:36]} f5 {[%clk
00:27:35]} {[%emt 00:00:20]} 47. Qg3+ {[%clk 00:04:45]} {[%emt 00:00:32]} Kf6
{[%clk 00:27:51]} {[%emt 00:00:14]} 48. Rb6+ {[%clk 00:05:01]} {[%emt
00:00:14]} Kf7 {[%clk 00:28:02]} {[%emt 00:00:18]} 49. Qxe5 {[%clk 00:05:15]}
{[%emt 00:00:16]} fxe4 {[%clk 00:28:14]} {[%emt 00:00:18]} 50. Rb7+ {[%clk
00:05:28]} {[%emt 00:00:18]} Kg6 {[%clk 00:28:28]} {[%emt 00:00:16]} 51. Rxg7#
{[%clk 00:05:49]} {[%emt 00:00:09]} 1-0

[Event "Deutsche Ländermeisterschaft 2023"]
[Site "Hannover GER"]
[Date "2023.10.01"]
[Round "1"]
[White "Heuberger, Sandra"]
[Black "Nguyen, Jenny Ha-Linh"]
[Result "0-1"]
[Termination "normal"]
[Board "5.7"]
[WhiteElo "1271"]
[BlackElo "1591"]
[WhiteClock "00:01:55"]
[BlackClock "00:02:13"]
[WhiteTeam "Brandenburg"]
[BlackTeam "Sachsen"]
[PlyCount "106"]
[WhiteFideId "16232151"]
[BlackFideId "16209729"]
[EventCountry "GER"]
[EventRounds "7"]
[EventType "team-swiss"]
[EventDate "2023.09.30"]

1. d4 {[%clk 01:30:56]} {[%emt 00:00:03]} Nf6 {[%clk 01:30:52]} {[%emt
00:00:08]} 2. c4 {[%clk 01:31:10]} {[%emt 00:00:15]} g6 {[%clk 01:30:47]}
{[%emt 00:00:36]} 3. Nc3 {[%clk 01:31:08]} {[%emt 00:00:33]} d5 {[%clk
01:28:12]} {[%emt 00:03:05]} 4. e3 {[%clk 01:29:23]} {[%emt 00:02:15]} Bg7
{[%clk 01:27:06]} {[%emt 00:01:36]} 5. h3 {[%clk 01:26:30]} {[%emt 00:03:22]}
O-O {[%clk 01:25:05]} {[%emt 00:02:31]} 6. Nf3 {[%clk 01:26:18]} {[%emt
00:00:41]} Nc6 {[%clk 01:11:05]} {[%emt 00:14:30]} 7. Qb3 {[%clk 01:16:05]}
{[%emt 00:10:43]} e6 {[%clk 01:03:29]} {[%emt 00:08:07]} 8. Bd3 {[%clk
01:15:14]} {[%emt 00:01:20]} dxc4 {[%clk 01:02:15]} {[%emt 00:01:45]} 9. Qxc4
{[%clk 01:11:58]} {[%emt 00:03:44]} Nd5 {[%clk 00:56:41]} {[%emt 00:06:06]} 10.
a3 {[%clk 01:02:47]} {[%emt 00:09:40]} a6 {[%clk 00:39:21]} {[%emt 00:17:51]}
11. O-O {[%clk 00:58:20]} {[%emt 00:04:57]} Nb6 {[%clk 00:35:08]} {[%emt
00:04:43]} 12. Qb3 {[%clk 00:57:32]} {[%emt 00:01:17]} Qe7 {[%clk 00:32:30]}
{[%emt 00:03:08]} 13. Bd2 {[%clk 00:52:50]} {[%emt 00:05:13]} Bd7 {[%clk
00:30:05]} {[%emt 00:02:55]} 14. Rad1 {[%clk 00:50:27]} {[%emt 00:02:52]} Rad8
{[%clk 00:28:38]} {[%emt 00:01:58]} 15. Bb1 {[%clk 00:49:03]} {[%emt 00:01:52]}
Bc8 {[%clk 00:24:33]} {[%emt 00:04:35]} 16. Ne2 {[%clk 00:46:48]} {[%emt
00:02:45]} e5 {[%clk 00:23:57]} {[%emt 00:01:07]} 17. dxe5 {[%clk 00:45:38]}
{[%emt 00:01:41]} Nxe5 {[%clk 00:23:18]} {[%emt 00:01:09]} 18. Ned4 {[%clk
00:40:27]} {[%emt 00:05:40]} Nxf3+ {[%clk 00:21:05]} {[%emt 00:02:43]} 19. Nxf3
{[%clk 00:40:28]} {[%emt 00:00:29]} Be6 {[%clk 00:19:59]} {[%emt 00:01:36]} 20.
Qc2 {[%clk 00:39:48]} {[%emt 00:01:08]} Bd5 {[%clk 00:15:20]} {[%emt 00:05:12]}
21. Bb4 {[%clk 00:38:24]} {[%emt 00:01:54]} Qe6 {[%clk 00:12:12]} {[%emt
00:03:38]} 22. Bxf8 {[%clk 00:37:48]} {[%emt 00:01:06]} Rxf8 {[%clk 00:12:34]}
{[%emt 00:00:08]} 23. Nd4 {[%clk 00:35:19]} {[%emt 00:02:58]} Qe5 {[%clk
00:10:36]} {[%emt 00:02:28]} 24. Rfe1 {[%clk 00:32:24]} {[%emt 00:03:24]} c6
{[%clk 00:07:59]} {[%emt 00:03:07]} 25. f4 {[%clk 00:29:08]} {[%emt 00:03:45]}
Qf6 {[%clk 00:07:11]} {[%emt 00:01:19]} 26. Qf2 {[%clk 00:28:38]} {[%emt
00:00:56]} c5 {[%clk 00:06:03]} {[%emt 00:01:42]} 27. Nf3 {[%clk 00:25:55]}
{[%emt 00:03:13]} Qxb2 {[%emt 00:01:20]} 28. e4 {[%clk 00:23:11]} {[%emt
00:03:08]} Bb3 {[%clk 00:03:25]} {[%emt 00:02:23]} 29. Rc1 {[%clk 00:12:51]}
{[%emt 00:10:50]} Na4 {[%clk 00:01:51]} {[%emt 00:02:04]} 30. e5 {[%clk
00:11:23]} {[%emt 00:01:58]} Qxa3 {[%clk 00:02:03]} {[%emt 00:00:18]} 31. Be4
{[%clk 00:10:03]} {[%emt 00:01:49]} b5 {[%clk 00:01:40]} {[%emt 00:00:55]} 32.
Bb7 {[%clk 00:09:46]} {[%emt 00:00:44]} a5 {[%clk 00:01:41]} {[%emt 00:00:32]}
33. Bc6 {[%clk 00:08:47]} {[%emt 00:01:28]} Rb8 {[%clk 00:01:26]} {[%emt
00:00:46]} 34. Rb1 {[%clk 00:07:50]} {[%emt 00:01:26]} c4 {[%clk 00:00:54]}
{[%emt 00:01:03]} 35. Nd4 {[%clk 00:07:22]} {[%emt 00:00:56]} Bf8 {[%clk
00:00:38]} {[%emt 00:00:48]} 36. e6 {[%clk 00:06:45]} {[%emt 00:01:07]} Qd6
{[%emt 00:00:36]} 37. f5 {[%clk 00:04:29]} {[%emt 00:02:44]} Bg7 {[%clk
00:00:37]} {[%emt 00:00:28]} 38. f6 {[%clk 00:03:57]} {[%emt 00:01:01]} Bf8
{[%clk 00:00:37]} {[%emt 00:00:30]} 39. e7 {[%clk 00:03:25]} {[%emt 00:01:02]}
Bxe7 {[%clk 00:00:38]} {[%emt 00:00:29]} 40. fxe7 {[%clk 00:03:36]} {[%emt
00:00:18]} Nc5 {[%clk 00:00:35]} {[%emt 00:00:33]} 41. e8=Q+ {[%clk 00:02:58]}
{[%emt 00:01:07]} Rxe8 {[%clk 00:01:03]} {[%emt 00:00:03]} 42. Rxe8+ {[%clk
00:03:15]} {[%emt 00:00:13]} Kg7 {[%clk 00:01:29]} {[%emt 00:00:04]} 43. Rf1
{[%clk 00:03:04]} {[%emt 00:00:39]} c3 {[%clk 00:01:33]} {[%emt 00:00:28]} 44.
Qxf7+ {[%clk 00:03:17]} {[%emt 00:00:17]} Bxf7 {[%clk 00:01:54]} {[%emt
00:00:10]} 45. Rf2 {[%clk 00:01:21]} {[%emt 00:02:26]} Bxe8 {[%clk 00:01:31]}
{[%emt 00:00:52]} 46. Bxe8 {[%clk 00:01:13]} {[%emt 00:00:38]} Qxd4 {[%clk
00:01:10]} {[%emt 00:00:52]} 47. Bxb5 {[%clk 00:01:26]} {[%emt 00:00:16]} Ne4
{[%clk 00:01:21]} {[%emt 00:00:20]} 48. Kh2 {[%clk 00:00:58]} {[%emt 00:00:56]}
Qxf2 {[%clk 00:01:37]} {[%emt 00:00:16]} 49. h4 {[%clk 00:01:14]} {[%emt
00:00:14]} c2 {[%clk 00:01:20]} {[%emt 00:00:46]} 50. Bd3 {[%clk 00:01:06]}
{[%emt 00:00:37]} Qg3+ {[%clk 00:01:39]} {[%emt 00:00:14]} 51. Kg1 {[%clk
00:01:22]} {[%emt 00:00:12]} c1=R+ {[%clk 00:01:51]} {[%emt 00:00:19]} 52. Bf1
{[%clk 00:01:34]} {[%emt 00:00:18]} Nd2 {[%clk 00:02:13]} {[%emt 00:00:06]} 53.
h5 {[%clk 00:01:55]} {[%emt 00:00:10]} Rxf1# {[%emt 00:00:04]} 0-1

[Event "Deutsche Ländermeisterschaft 2023"]
[Site "Hannover GER"]
[Date "2023.10.01"]
[Round "1"]
[White "Mehner, Clara"]
[Black "Börner, Emma Charlotte"]
[Result "1-0"]
[Termination "normal"]
[Board "5.8"]
[WhiteElo "1339"]
[BlackElo "1107"]
[WhiteClock "00:07:17"]
[BlackClock "00:45:05"]
[WhiteTeam "Sachsen"]
[BlackTeam "Brandenburg"]
[PlyCount "82"]
[WhiteFideId "34612165"]
[BlackFideId "34637907"]
[EventCountry "GER"]
[EventRounds "7"]
[EventType "team-swiss"]
[EventDate "2023.09.30"]

1. e4 c5 2. Nf3 Nc6 3. d4 cxd4 4. Nxd4 Nf6 5. f3 e5 6. Nb5 d6 7. c4 a6 8. N5a3
b6 9. Be3 Be7 10. Be2 O-O 11. O-O h6 12. Nc3 Qc7 13. Nc2 Bb7 14. Bf2 Rfd8 15.
Ne3 Nd4 16. Nc2 Nxe2+ 17. Qxe2 Rab8 18. Rfd1 Bc6 19. Nb4 Qb7 20. Nbd5 Nxd5 21.
Nxd5 Bxd5 22. Rxd5 b5 23. cxb5 axb5 24. Rc1 f5 25. Be1 fxe4 26. Qxe4 Bg5 27.
Rcd1 Be7 28. Bb4 Qc6 29. Qd3 Rb6 30. Ba5 Ra6 31. Bxd8 Bxd8 32. Qxb5 Qxb5 33.
Rxb5 Bb6+ 34. Kf1 Bd4 35. a3 Kf7 36. Ra1 Kf6 37. Ra2 Rc6 38. b4 Kf5 39. Rb7
Rc1+ 40. Ke2 Kg6 41. a4 Rc3 {0} 42. a5 Re3+ 43. Kd2 Rb3 44. b5 Kf5 45. a6 Kf4
46. Rf7+ Kg5 47. Rxg7+ Kf6 48. Rb7 Ke6 49. a7 Bxa7 50. Raxa7 Rb2+ 51. Kc3 Rb1
52. b6 Rb5 53. Rb8 Kd5 54. b7 Rc5+ 55. Kb3 Rb5+ 56. Ka4 Rxb7 57. Raxb7 Kd4 58.
Rb5 d5 59. Rd8 Ke3 60. Rdxd5 Kf4 61. Rxe5 h5 62. Re4# 1-0